000
00524nam a2200181Ia 4500
008
090123s9999 xx 000 0 und d
082
_b
14357
100
_a
खांडेकर वि.स.
245
_a
मध्यरात्र
250
_a
3
260
_b
अनुपम प्रकाशन
300
_a
70
600
_a
खांडेकर वि.स.
630
_a
मध्यरात्र
700
_a
खांडेकर वि.स.
730
_a
मध्यरात्र
942
_c
BOOK
999
_c
52418
_d
52418